MARC details
| 000 -LEADER |
| fixed length control field |
02818cim a22006253i 4500 |
| 001 - CONTROL NUMBER |
| control field |
ocn993940132 |
| 005 - DATE AND TIME OF LATEST TRANSACTION |
| control field |
20200320205322.0 |
| 007 - PHYSICAL DESCRIPTION FIXED FIELD--GENERAL INFORMATION |
| fixed length control field |
sd fsngnnmmned |
| 008 - FIXED-LENGTH DATA ELEMENTS--GENERAL INFORMATION |
| fixed length control field |
170717s2017 nyunnnne f n eng d |
| 020 ## - INTERNATIONAL STANDARD BOOK NUMBER |
| International Standard Book Number |
9780739319291 |
| 020 ## - INTERNATIONAL STANDARD BOOK NUMBER |
| International Standard Book Number |
0739319299 |
| 037 ## - SOURCE OF ACQUISITION |
| Stock number |
60c5ii |
| Source of stock number/acquisition |
Blackstone Publishing |
| 037 ## - SOURCE OF ACQUISITION |
| Stock number |
40c5ii |
| Source of stock number/acquisition |
Blackstone Publishing |
| 040 ## - CATALOGING SOURCE |
| Original cataloging agency |
BLACP |
| Language of cataloging |
eng |
| Description conventions |
rda |
| Transcribing agency |
BLACP |
| Modifying agency |
TOH |
| -- |
WYZ |
| -- |
OCLCF |
| 049 ## - LOCAL HOLDINGS (OCLC) |
| Holding library |
WACL |
| 050 #4 - LIBRARY OF CONGRESS CALL NUMBER |
| Classification number |
PS3552.R685434 |
| Item number |
O75 2017ab |
| 082 04 - DEWEY DECIMAL CLASSIFICATION NUMBER |
| Classification number |
813/.54 |
| Edition number |
23 |
| 100 1# - MAIN ENTRY--PERSONAL NAME |
| Personal name |
Brown, Dan, |
| Dates associated with a name |
1964- |
| Relator term |
author. |
| 9 (RLIN) |
43246 |
| 245 10 - TITLE STATEMENT |
| Title |
Origin : |
| Remainder of title |
a novel / |
| Statement of responsibility, etc |
Dan Brown. |
| 250 ## - EDITION STATEMENT |
| Edition statement |
Unabridged. |
| 264 #1 - Production, Publication, Distribution, Manufacture, and Copyright Notice. |
| Place of production, publication, distribution, manufacture |
[New York] : |
| Name of producer, publisher, distributor, manufacturer |
Penguin Random House, |
| Date of production, publication, distribution, manufacture, or copyr |
[2017] |
| 300 ## - PHYSICAL DESCRIPTION |
| Extent |
13 audio discs : |
| Other physical details |
CD audio, digital ; |
| Dimensions |
4 3/4 in. |
| 336 ## - Content Type |
| Content type term |
spoken word |
| 337 ## - Media type |
| Media type term |
audio |
| 338 ## - Carrier type |
| Carrier type term |
audio disc |
| 344 ## - |
| -- |
digital |
| -- |
optical |
| -- |
rda |
| 347 ## - |
| -- |
audio file |
| -- |
CD audio |
| -- |
rda |
| 490 0# - SERIES STATEMENT |
| Series statement |
The Robert Langdon Series ; |
| Volume number/sequential designation |
Book 5 |
| 500 ## - GENERAL NOTE |
| General note |
Compact discs. |
| 520 ## - SUMMARY, ETC. |
| Summary, etc |
Robert Langdon, Harvard professor of symbology and religious iconology, is in Spain for the unveiling of billionaire Edmond Kirsch's major discovery. But when the controversial presentation erupts into chaos, Langdon sets out to unlock Kirsch's secret. |
| 650 #0 - SUBJECT ADDED ENTRY--TOPICAL TERM |
| Topical term or geographic name as entry element |
Langdon, Robert (Fictitious character) |
| Form subdivision |
Fiction. |
| 9 (RLIN) |
5734778 |
| 650 #0 - SUBJECT ADDED ENTRY--TOPICAL TERM |
| Topical term or geographic name as entry element |
Cryptographers |
| Form subdivision |
Fiction. |
| 9 (RLIN) |
5699161 |
| 650 #0 - SUBJECT ADDED ENTRY--TOPICAL TERM |
| Topical term or geographic name as entry element |
Human beings |
| General subdivision |
Origin |
| Form subdivision |
Fiction. |
| 9 (RLIN) |
5716274 |
| 650 #7 - SUBJECT ADDED ENTRY--TOPICAL TERM |
| Topical term or geographic name as entry element |
FICTION / Thrillers / Suspense. |
| Source of heading or term |
bisacsh |
| 9 (RLIN) |
5716084 |
| 650 #7 - SUBJECT ADDED ENTRY--TOPICAL TERM |
| Topical term or geographic name as entry element |
FICTION / Action & Adventure. |
| Source of heading or term |
bisacsh |
| 9 (RLIN) |
5673674 |
| 650 #7 - SUBJECT ADDED ENTRY--TOPICAL TERM |
| Topical term or geographic name as entry element |
FICTION / Thrillers / Technological. |
| Source of heading or term |
bisacsh |
| 9 (RLIN) |
5730512 |
| 650 #4 - SUBJECT ADDED ENTRY--TOPICAL TERM |
| Topical term or geographic name as entry element |
Suspense / Thriller. |
| 9 (RLIN) |
5952562 |
| 650 #7 - SUBJECT ADDED ENTRY--TOPICAL TERM |
| Topical term or geographic name as entry element |
Cryptographers. |
| Source of heading or term |
fast |
| -- |
(OCoLC)fst00884550 |
| 9 (RLIN) |
5952563 |
| 650 #7 - SUBJECT ADDED ENTRY--TOPICAL TERM |
| Topical term or geographic name as entry element |
Human beings |
| General subdivision |
Origin. |
| Source of heading or term |
fast |
| -- |
(OCoLC)fst00962855 |
| 9 (RLIN) |
87269 |
| 650 #7 - SUBJECT ADDED ENTRY--TOPICAL TERM |
| Topical term or geographic name as entry element |
Langdon, Robert (Fictitious character) |
| Source of heading or term |
fast |
| -- |
(OCoLC)fst01749319 |
| 9 (RLIN) |
5952564 |
| 655 #7 - INDEX TERM--GENRE/FORM |
| Genre/form data or focus term |
Audiobooks. |
| Source of term |
lcgft |
| 9 (RLIN) |
5952565 |
| 655 #7 - INDEX TERM--GENRE/FORM |
| Genre/form data or focus term |
Thrillers (Fiction) |
| Source of term |
lcgft |
| 9 (RLIN) |
5697221 |
| 655 #7 - INDEX TERM--GENRE/FORM |
| Genre/form data or focus term |
Action and adventure fiction. |
| Source of term |
lcgft |
| 9 (RLIN) |
5687309 |
| 655 #7 - INDEX TERM--GENRE/FORM |
| Genre/form data or focus term |
Suspense fiction. |
| Source of term |
gsafd |
| 9 (RLIN) |
5952566 |
| 655 #4 - INDEX TERM--GENRE/FORM |
| Genre/form data or focus term |
Audiobooks. |
| 9 (RLIN) |
5952565 |
| 655 #4 - INDEX TERM--GENRE/FORM |
| Genre/form data or focus term |
Fiction. |
| 9 (RLIN) |
5673940 |
| 655 #7 - INDEX TERM--GENRE/FORM |
| Genre/form data or focus term |
Action and adventure fiction. |
| Source of term |
fast |
| -- |
(OCoLC)fst01921574 |
| 9 (RLIN) |
5687309 |
| 655 #7 - INDEX TERM--GENRE/FORM |
| Genre/form data or focus term |
Audiobooks. |
| Source of term |
fast |
| -- |
(OCoLC)fst01726208 |
| 9 (RLIN) |
5952565 |
| 655 #7 - INDEX TERM--GENRE/FORM |
| Genre/form data or focus term |
Fiction. |
| Source of term |
fast |
| -- |
(OCoLC)fst01423787 |
| 9 (RLIN) |
5673940 |
| 655 #7 - INDEX TERM--GENRE/FORM |
| Genre/form data or focus term |
Suspense fiction. |
| Source of term |
fast |
| -- |
(OCoLC)fst01726755 |
| 9 (RLIN) |
5952566 |
| 856 7# - ELECTRONIC LOCATION AND ACCESS |
| Materials specified |
View cover art |
| Uniform Resource Identifier |
<a href="http://midwesttapes.com/images/movies/000/000/000/011/728/000000000011728910.jpg">http://midwesttapes.com/images/movies/000/000/000/011/728/000000000011728910.jpg</a> |
| Access method |
http |
| 942 ## - ADDED ENTRY ELEMENTS (KOHA) |
| Koha item type |
CD |
| 948 ## - LOCAL PROCESSING INFORMATION (OCLC); SERIES PART DESIGNATOR (RLIN) |
| Series part designator, SPT (RLIN) |
09/29/2017 |
| z (OCLC) |
Sirsi |
| 996 ## - |
| -- |
144702 |
| -- |
34301001512393 |
| -- |
CD |
| -- |
CD |
| -- |
wcl |
| -- |
i |
| -- |
21 |
| -- |
45.00 |
| -- |
.CIRCNOTE. 15 discs |
| -- |
blackstone |
| -- |
Bro |
| -- |
10/16/2017 |
| -- |
01/09/2020 |
| -- |
01/02/2020 |